000 00836nam a2200217 4500
008 020502s1997 us en g
020 _a1563642204
090 _a251.009
_bG7b
245 1 0 _aWalter Burghardt [videorecording] /
_c Bill Turpie, host; Odyssey Productions, Ltd.
260 _aWorcester, PA :
_bGateway Films/ Vision Video,
_cc1997.
300 _avideocassette ( 25 mins.) :
_bsd., col. +
_eleaflet of an actual sermon.
490 1 _aGreat preachers series 1
500 _aThe master communicators of our age, based on the Baylor University Survey.
500 _aVHS [original]
600 1 4 _aBurghardt, Walter
_xSermons.
650 4 _aHomiletics.
650 4 _aSermons
_y20th century.
700 1 _aTurpie, Bill
710 2 2 _aOdyssey Channel Collection
951 _pV-1494
_o251.009/G7b
_j070613111101453
_d2000-12-21
_cVT
999 _c7471
_d7471